000 00708cam a2200229 a 4500
001 000008029
005 20200929154411.0
008 940815s1993 sp 000 f spa
020 _a8433909533
040 _aDO-SdBNP
_cDLC
082 _a863.64
_bP784a
100 1 _aPombo, Álvaro,
_d1939-
_921934
245 1 0 _aAparición del eterno femenino :
_bcontada por S.M. el Rey /
_cÁlvaro Pombo.
250 _a2a ed.
260 _aBarcelona :
_bAnagrama,
_cc1993.
300 _a191 p. ;
_c22 cm.
490 1 _aNarrativas hispánicas
_v143
650 4 _aNovela española
_91123
650 4 _aLiteratura española
_9632
830 0 _aNarrativas hispánicas ;
_v143
_921236
910 _aCatalogación por copia / LC
999 _c7806
_d7806